000 00312nam a2200133 i 4500
001 bg
100 1 _aWILKOSZ, Stefan
245 0 _aCo, jak, dlaczego na świecie /
_cStefan Wilkosz.
260 _aWarszawa,
_c1975.
040 _cBPK
041 _apol
942 _cKS
008 s pl f |000 0 pol
999 _c16491
_d16491
856 _uhttp://koha.tu.koszalin.pl/cgi-bin/koha/opac-detail.pl?biblionumber=16491
_yKatalog online BPK